000 00190 a2200097 4500
020 _a9780153338809
041 _aspa
100 _aPearl Gaskins
245 _aCuidado con la lava
942 _cBK
999 _c29210
_d29208